000 00718nam a22002537a 4500
003 UA-OsUOA
001 21249
007 ta
008 20031125b un ||||| |||| 00| 0 ukr d
100 _aКолосницына М.Г.
090 _a331
_bК61
942 _cBK
040 _aUA-OsUOA
_brus
_cUA-OsUOA
_dUA-OsUOA
245 _aЭкономика труда
_bУчебное пособие для студентов бакалавриата экономических вузов
300 _a240 с.
_bІлюстрації
955 _a0
041 _arus
080 _a331
020 _a5-89317-072-5
260 _aМосква
_bМагистр
_c1998
044 _aRU
650 7 _2UDC
999 _c307442
_d307442